Hlavné problémy reprodukcie základných fondov v ČSSR sborník Vysokej školy ekonomickej v Bratislave z medzinárodnej konferencie konanej pri príležitosti 15. výročia VŠE a odovzdania novej budovy

Guardado en:
Detalles Bibliográficos
Autor Corporativo: Vysoká škola ekonomická v Bratislave
Otros Autores: Kočtúch, Hvezdoň Dušan
Formato: Libro
Lenguaje:eslovaco
checo
ruso
Publicado: Bratislava Slovenské pedagogické nakladateľstvo 1962
Etiquetas: Agregar Etiqueta
Sin Etiquetas, Sea el primero en etiquetar este registro!

MARC

LEADER 00000nam$a2200000$$$4500
001 0023731
005 20240109104438.5
041 0 |a slo 
041 0 |a cze 
041 0 |a rus 
044 |a SK 
245 1 0 |a Hlavné problémy reprodukcie základných fondov v ČSSR  |b sborník Vysokej školy ekonomickej v Bratislave z medzinárodnej konferencie konanej pri príležitosti 15. výročia VŠE a odovzdania novej budovy  |c Redaktor H.D. Kočtúch 
264 1 |a Bratislava  |b Slovenské pedagogické nakladateľstvo  |c 1962 
300 |a 403 s. 
700 1 |a Kočtúch, Hvezdoň Dušan 
710 2 |a Vysoká škola ekonomická v Bratislave